Statystyki dla Konsulaty w Krakowie

Kliknij tutaj aby rozwiązać quiz!

Ogólne statystyki

  • Ten quiz został rozwiązany 104 razy
  • Średni wynik to 21 z 33

Statystyki odpowiedzi

Kraj% Poprawnych
Niemcy
93%
Rosja
92%
Francja
91%
Stany Zjednoczone
91%
Słowacja
88%
Szwecja
87%
Ukraina
87%
Norwegia
85%
Włochy
81%
Austria
79%
Finlandia
79%
Estonia
75%
Brazylia
74%
Dania
74%
Litwa
73%
Japonia
72%
Łotwa
72%
Węgry
69%
Belgia
68%
Holandia
68%
Chorwacja
64%
Meksyk
64%
Bułgaria
51%
Islandia
49%
Chile
40%
Luksemburg
36%
Peru
35%
Czarnogóra
33%
Kazachstan
26%
Malta
26%
Urugwaj
22%
Pakistan
15%
Mongolia
14%

Rozkład punktacji

Percentyl według liczby udzielonych odpowiedzi

Procent ludzi z każdym wynikiem

Twoja historia wyników

Nie rozwiązałeś tego quizu